Diccionario de adivinos, magos y astrólogos de la antigüedad

Guardat en:
Dades bibliogràfiques
Autor principal: Montero Herrero, Santiago (autor)
Format: Llibre
Idioma:espanyol
Publicat: Madrid Trotta 1997
Col·lecció:Colección Paradigmas. Biblioteca de Ciencias de las Religiones
Matèries:
Etiquetes: Afegir etiqueta
Sense etiquetes, Sigues el primer a etiquetar aquest registre!

MARC

LEADER 00000nam a2200000 a 4500
001 UCN8561
003 CL-VaPUC
008 011116e19970000SP |||||||||||||||||spa|d
082 0 4 |a 133.3092  |b MON  |2 21 
100 |a Montero Herrero, Santiago  |e autor  |9 597871 
245 1 0 |a Diccionario de adivinos, magos y astrólogos de la antigüedad 
300 |a 323 p 
942 |c BK 
945 |d 20011116 00:00:00  |a cmena 
260 |a Madrid  |b Trotta  |c 1997 
650 0 |a Adivinación   |9 318474 
650 0 |a Diccionarios  |9 256200 
650 0 |a Adivinos  |9 464832 
650 0 |a Biografías  |9 255210 
650 0 |a Astrólogos   |9 464833 
650 7 |a MAGOS  |2 CL-VaPUC  |9 464834 
650 7 |a FUTUROLOGIA  |2 CL-VaPUC  |9 328866 
583 |a last modification  |c 20170406 03:50:52  |k Rodrigo Vera 
490 0 |a Colección Paradigmas. Biblioteca de Ciencias de las Religiones 
999 |c 298398  |d 298396 
952 |0 0  |1 0  |4 0  |6 133_309200000000000_MON_1997  |7 0  |8 F  |9 353940  |a BIBTEO  |b BIBTEO  |d 2019-11-21  |i 377306K  |o 133.3092 MON 1997  |p 377306K  |r 2025-01-17  |w 2019-11-21  |y BK_F  |k ICR